000
00247nam a2200097Ia 4500
001
1101599
005
20250827003303.0
008
250824s9999 xx 000 0 und d
245
0
_a
CENNET KUŞU
_c
TUĞÇE IŞIN SU
260
_b
HAYY KİTAP YAYINLARI
999
_c
1101599
_d
1101599